01489 a2200205 4500003000500000005001700005010001600022020002800038040000900066082001400075100002500089245005800114250001200172260005500184300004500239505088800284538002901172650004801201650003401249Nust20170207153114.0 a 96021799 a0029462169 (hardcover) cNust00a621.381321 aBoylestad, Robert L.10aIntroductory circuit analysis /cRobert L. Boylestad. a5th ed. aUpper Saddle River, N.J. :bPrentice Hall,cc1997. axv, 864 p. :bill. (some col.) ;c29 cm. aIntroduction (Page-1), Current and Voltages (Page-29), Resistance (Page-55), Ohm’s Law, Power and energy (Page-93),Series Circuits (Page-123), Parallel Circuits (Page-159), Series Parallel Networks (Page-195), Methods of Analysis and Selected Topic (Page-229), Network Theorems (Page-289), Capacitor (Page-343), Magnetic Circuits (Page-395), Inductors (Page-427), Sinusoidal Alternating Waveforms (Page-459), The Basic Elements and Phasors (Page-507), Series and Parallel ac Circuits (Page-559), Series Parallel ac Networks (Page-635), Methods of Analysis and Selected Topics (Page-655), Network Therorems (Page-697), Power (Page-749), Resonance (Page-287), Decibels, Filters ad Bode Plots (Page-829), Pulse Waveform and the R-C Response (Page-887), Polyphase Systems (Page-917), Nonsinusoidal Circuits (Page-965), Transformers (Page-991), Two Port Parameters (z,y,h) (Page-1031),  aAlmirah No.33 Shelf No.6 0aElectric circuit analysisxData processing. 0aTelecommunication Engineering